| 000 | 01587nam a2200337 i 4500 | ||
|---|---|---|---|
| 001 | 768714001 | ||
| 003 | CO-MdFUSB | ||
| 005 | 20260319144118.0 | ||
| 007 | ta | ||
| 008 | 240925t1986 -usa|||| |||| 001 0 eng d | ||
| 020 | _a0-664-21262-X | ||
| 040 |
_bspa. _aCO-MdFUSB _cCO-MdFUSB _dCO-MdFUSBC _erda |
||
| 041 | _aeng | ||
| 082 |
_223 _a933 _bM648 |
||
| 100 |
_aMiller, J. Maxwell (James Maxwell), _d1937- _eautor |
||
| 245 | 2 |
_aA History of Ancient Israel and Judah _c/ J. Maxwell Miller , John H. Hayes. |
|
| 264 | 1 |
_aPhiladelphia, Pennsylvania : _bThe Westminster Press, _c[1986] |
|
| 264 | 4 | _a©1986 | |
| 300 |
_a523 páginas _b: ilustraciones _c; 25 cm |
||
| 336 |
_2rdacontent _atexto _btxt |
||
| 337 |
_2rdamedia _asin mediación _bn |
||
| 338 |
_2rdacarrier _avolumen _bnc |
||
| 500 | _aIncluye índice, índice de nombres y bibliografía | ||
| 505 | _aEl escenario. -- La cuestión de los orígenes. -- Antes de que ningún rey gobernara en Israel. -- La monarquía israelita primitiva. -- David, rey de Jerusalén. -- El reinado de Salomón. -- Reinos separados La era Omride. -- El siglo de la dinastía de Jehú. -- La era de la dominación asiria: el fin del Reino de Israel. -- La era de la dominación asiria: la historia de Judea desde Acaz hasta Amón. -- Los últimos años del reino davídico. -- El período de dominación babilónica. -- La era del imperio persa. | ||
| 563 | _aPasta dura | ||
| 630 | 0 | 7 |
_aBiblia. _pAntiguo Testamento |
| 650 | 7 |
_aJudíos _xHistoria _9270 |
|
| 942 | _cBK | ||
| 945 | _aCatherine Arias Alvarez | ||
| 999 |
_c70976 _d70976 |
||